|
|
|
|
| LEADER |
01840cas a2200277 a 4500 |
| 001 |
AALejournalIMF014176 |
| 008 |
230101c9999 xx r poo 0 0eng d |
| 020 |
|
|
|c 5.00 USD
|
| 020 |
|
|
|z 9781484391037
|
| 022 |
|
|
|a 1018-5941
|
| 040 |
|
|
|a BD-DhAAL
|c BD-DhAAL
|
| 100 |
1 |
|
|a Kovtun, Dmitriy.
|
| 245 |
1 |
0 |
|a Boosting Job Growth in the Western Balkans /
|c Dmitriy Kovtun, Alexis Meyer-Cirkel, Zuzana Murgasova, Dustin Smith.
|
| 264 |
|
1 |
|a Washington, D.C. :
|b International Monetary Fund,
|c 2014.
|
| 300 |
|
|
|a 1 online resource (30 pages)
|
| 490 |
1 |
|
|a IMF Working Papers
|
| 500 |
|
|
|a <strong>Off-Campus Access:</strong> No User ID or Password Required
|
| 500 |
|
|
|a <strong>On-Campus Access:</strong> No User ID or Password Required
|
| 506 |
|
|
|a Electronic access restricted to authorized BRAC University faculty, staff and students
|
| 520 |
3 |
|
|a Labor markets in the Western Balkan countries (Albania, Bosnia and Herzegovina, Kosovo, Macedonia, Montenegro, and Serbia) are characterized by some of the highest unemployment and low employment rates in Europe. We analyze the poor labor market outcomes in these countries by comparison with the New Member States of the European Union and advanced European economies. Our findings suggest that long-lasting labor market weaknesses in the Western Balkans have structural roots: the institutional setup of the labor markets, labor cost factors, and especially the unfinished transition process. Finally, we offer policy recommendations for boosting job creation.
|
| 538 |
|
|
|a Mode of access: Internet
|
| 700 |
1 |
|
|a Meyer-Cirkel, Alexis.
|
| 700 |
1 |
|
|a Murgasova, Zuzana.
|
| 700 |
1 |
|
|a Smith, Dustin.
|
| 830 |
|
0 |
|a IMF Working Papers; Working Paper ;
|v No. 2014/016
|
| 856 |
4 |
0 |
|z Full text available on IMF
|u http://elibrary.imf.org/view/journals/001/2014/016/001.2014.issue-016-en.xml
|z IMF e-Library
|